[Event "Cairo op"]
[Site "Cairo"]
[Date "1998.??.??"]
[Round "10"]
[White "Tahan, Sabri"]
[Black "Vaysman, Alexander N"]
[Result "1/2-1/2"]
[WhiteElo "2200"]
[BlackElo "2345"]
[PlyCount "83"]
[EventDate "1998.??.??"]
[EventType "swiss"]
[EventRounds "10"]
[EventCountry "EGY"]
[SourceTitle "EXT 1999"]
[Source "ChessBase"]
[SourceDate "1998.11.16"]
[SourceVersion "1"]
[SourceVersionDate "1998.11.16"]
[SourceQuality "1"]

1. d4 Nf6 2. Nf3 c5 3. c3 e6 4. Bf4 b6 5. e3 Be7 6. h3 0-0 7. Nbd2 d6 8. Be2 Bb7 9. 0-0 Nbd7 10. Rc1 Qc8 11. a4 Rd8 12. Qc2 Nf8 13. Rfd1 Bc6 14. Ne1 Qb7 15. Qb3 Bd5 16. Bc4 Rac8 17. Bxd5 exd5 18. dxc5 dxc5 19. Qa2 Ne6 20. Be5 Nd7 21. Ndf3 c4 22. a5 Nxe5 23. Nxe5 bxa5 24. Qxa5 Rc5 25. Qa4 Rb5 26. Ra1 a5 27. Ra2 Rb8 28. Rd2 Nc5 29. Qd1 Ne4 30. Rc2 Bf6 31. Ng4 Bxc3 32. bxc3 Rb1 33. Qe2 Qb3 34. Kh2 Nxc3 35. Nh6+ gxh6 36. Qg4+ Kf8 37. Qd4 Nxa2 38. Qh8+ Ke7 39. Qe5+ Kf8 40. Qh8+ Ke7 41. Qe5+ Kd7 42. Qxd5+ 1/2-1/2

[Event "Beersheba-B"]
[Site "Beersheba"]
[Date "1992.??.??"]
[Round "6"]
[White "Mikhalevski, Alexander"]
[Black "Vaysman, Alexander N"]
[Result "1-0"]
[WhiteElo "2400"]
[BlackElo "2325"]
[PlyCount "77"]
[EventDate "1992.??.??"]
[EventType "schev"]
[EventRounds "12"]
[EventCountry "ISR"]
[SourceTitle "EXT 1998"]
[Source "ChessBase"]
[SourceDate "1997.11.17"]
[SourceVersion "1"]
[SourceVersionDate "1997.11.17"]
[SourceQuality "1"]

1. d4 f5 2. g3 Nf6 3. Bg2 e6 4. Nf3 Be7 5. 0-0 0-0 6. c4 d6 7. Nc3 Qe8 8. Ne1 e5 9. dxe5 dxe5 10. Nd5 Bd8 11. Nd3 Nbd7 12. b3 e4 13. N3f4 c6 14. Ne3 g5 15. Nh3 Ng4 16. Nxg4 fxg4 17. Nxg5 Qe5 18. Bf4 Qg7 19. Ne6 Qg6 20. Nxf8 Kxf8 21. Qd6+ Kf7 22. Qxg6+ hxg6 23. Bxe4 Bb6 24. Be3 Nf6 25. Bxb6 axb6 26. Bd3 Kg7 27. f3 gxf3 28. exf3 Bd7 29. Rfe1 Ng8 30. a4 Be8 31. Rad1 Bf7 32. Bc2 b5 33. axb5 cxb5 34. cxb5 Ra2 35. Be4 Bxb3 36. Rd7+ Kh6 37. Rd6 Bf7 38. Bxb7 Rb2 39. Bd5 1-0

[Event "Beersheba-B"]
[Site "Beersheba"]
[Date "1992.??.??"]
[Round "4"]
[White "Mikhalevski, Victor"]
[Black "Vaysman, Alexander N"]
[Result "1/2-1/2"]
[WhiteElo "2370"]
[BlackElo "2325"]
[PlyCount "122"]
[EventDate "1992.??.??"]
[EventType "schev"]
[EventRounds "12"]
[EventCountry "ISR"]
[SourceTitle "EXT 1998"]
[Source "ChessBase"]
[SourceDate "1997.11.17"]
[SourceVersion "1"]
[SourceVersionDate "1997.11.17"]
[SourceQuality "1"]

1. d4 Nf6 2. c4 e6 3. Nf3 Bb4+ 4. Nbd2 b6 5. a3 Bxd2+ 6. Bxd2 Bb7 7. Bg5 d6 8. e3 Nbd7 9. Bh4 Qe7 10. Qc2 h6 11. Bd3 e5 12. Be2 g5 13. Bg3 Ne4 14. c5 bxc5 15. dxe5 d5 16. Rc1 c4 17. b3 cxb3 18. Qxb3 Ndc5 19. Qb5+ c6 20. Qb4 Ne6 21. Rb1 Qxb4+ 22. Rxb4 0-0-0 23. Nd2 N4c5 24. 0-0 a5 25. Rbb1 Kc7 26. f4 gxf4 27. exf4 Nd4 28. Bh5 Ba6 29. f5 Rhg8 30. Rf4 Ne4 31. Nxe4 dxe4 32. Bxf7 Ne2+ 33. Kf2 Nxf4 34. Bxf4 Rg4 35. g3 Bd3 36. Rb2 Rxf4+ 37. gxf4 e3+ 38. Kxe3 Bxf5 39. Bc4 Rd1 40. Rg2 Ra1 41. Kd4 Rxa3 42. Kc5 Rc3 43. Rg7+ Kc8 44. Kd4 Rf3 45. e6 Rxf4+ 46. Ke5 Rxc4 47. Rg8+ Kc7 48. Kxf5 Kd6 49. Rg7 Rc2 50. Rd7+ Kc5 51. h4 Re2 52. e7 a4 53. Kf6 a3 54. Rd2 Re4 55. h5 Kb4 56. Rd4+ Rxd4 57. e8Q a2 58. Qe1+ Ka4 59. Qc3 Rb4 60. Qxc6+ Ka3 61. Qc1+ Ka4 1/2-1/2

[Event "Beersheba-B"]
[Site "Beersheba"]
[Date "1992.??.??"]
[Round "11"]
[White "Ofek, Ram"]
[Black "Vaysman, Alexander N"]
[Result "0-1"]
[WhiteElo "2305"]
[BlackElo "2325"]
[PlyCount "166"]
[EventDate "1992.??.??"]
[EventType "schev"]
[EventRounds "12"]
[EventCountry "ISR"]
[SourceTitle "EXT 1998"]
[Source "ChessBase"]
[SourceDate "1997.11.17"]
[SourceVersion "1"]
[SourceVersionDate "1997.11.17"]
[SourceQuality "1"]

1. e4 c5 2. Nf3 Nc6 3. d4 cxd4 4. Nxd4 g6 5. Be3 Bg7 6. Nc3 Nf6 7. f3 0-0 8. Bc4 Qb6 9. Qd3 Ne5 10. Qe2 Qxb2 11. Kd2 Qb4 12. Bd3 Nc6 13. Rab1 Qa5 14. Rb5 Qc7 15. Qf2 a6 16. Rb3 b5 17. Nxc6 dxc6 18. Bb6 Qb7 19. Bc5 Be6 20. Rbb1 Qc7 21. a3 Nd7 22. Ne2 Nxc5 23. Qxc5 Rfd8 24. Ke3 Be5 25. f4 Bg7 26. Rhd1 Ba2 27. Rb4 Rac8 28. e5 Rd5 29. Qc3 Bc4 30. Rf1 c5 31. Rxc4 bxc4 32. Bxc4 Rdd8 33. Bxa6 Ra8 34. Bc4 e6 35. Ra1 g5 36. g3 Ra4 37. Bb5 Rad4 38. a4 gxf4+ 39. gxf4 Bxe5 40. fxe5 Qxe5+ 41. Kf3 Rf4+ 42. Kg2 Rg4+ 43. Kf1 Qxh2 44. Bc6 Rdd4 45. Qe3 Rd6 46. Bf3 Rxa4 47. Qg5+ Kf8 48. Rb1 Rb4 49. Ra1 Ra4 50. Rb1 Rb4 51. Ra1 Qh3+ 52. Bg2 Qf5+ 53. Qxf5 exf5 54. Ra5 Rc4 55. c3 Kg7 56. Kf2 Kg6 57. Bf3 h5 58. Ra1 h4 59. Rg1+ Kf6 60. Ra1 Rd3 61. Ra6+ Kg5 62. Ra7 Kg6 63. Ra6+ Kg7 64. Ra7 Kg6 65. Ra6+ Kg5 66. Ra7 h3 67. Ra1 h2 68. Rh1 Rh4 69. Kg2 f4 70. Be4 Re3 71. Bf3 f5 72. Kf2 Rd3 73. Kg2 Rh6 74. Kf2 Rh3 75. Bg2 Rh5 76. Bf3 Rh7 77. Kg2 Rh8 78. Kf2 Rh6 79. Kg2 Rh8 80. Kf2 Rh3 81. Bg2 Rhe3 82. Rxh2 f3 83. Rh3 Rxe2+ 0-1